[Event "Kurnosov Memorial Rapid 2020"]
[Site "Chelyabinsk"]
[Date "2020.09.04"]
[Round "2.1"]
[White "Artemiev, Vladislav"]
[Black "Kalegin, Evgenij"]
[Result "1-0"]
[WhiteElo "2716"]
[BlackElo "2414"]
[Annotator "TA"]
[PlyCount "57"]
[EventDate "2020.09.04"]
[EventType "swiss"]
[EventCountry "RUS"]
[SourceTitle "playchess.com"]
[Source "ChessBase"]
[SourceQuality "1"]

{[%evp 12,57,0,0,23,16,21,22,30,24,29,23,24,17,27,17,14,11,15,17,20,11,8,12,62,57,72,66,175,155,165,143,187,174,143,162,205,192,212,200,209,200,289,289,259,219,625,623]} 1. c4 e5 2. d3 d6 3. g3 g6 4. Bg2 Bg7 5. Nc3 Nc6 {[%cal Bb8c6,Bc6d4,Bd4e2][%mdl 32]} 6. e4 Nd4 7. Nge2 $1 {7.Nge2 scores better than 7.Nce2.} Nxe2 {A26: English Opening vs King's Indian with ...Nc6 and d3.} (7... h5 {keeps more tension.} 8. h3 Ne7 9. Nxd4 exd4 10. Nd5 c6) 8. Qxe2 Ne7 9. Bg5 {[#]} f6 $146 {The position is equal.} ({Predecessor:} 9... h6 10. Be3 Nc6 11. Rb1 Nd4 12. Qd1 h5 13. h4 Bg4 14. f3 Be6 15. Ne2 b5 {0-1 (48) Donchenko,A (2610)-Rapport,R (2725) Douglas 2018}) 10. Be3 O-O 11. O-O Nc6 12. Qd2 Nd4 13. Bxd4 exd4 14. Ne2 f5 15. exf5 Rxf5 16. b4 {[%cal Bb2b4,Bb4b5][%mdl 32]} c6 17. a4 a5 18. b5 $1 Rc5 19. Rab1 cxb5 (19... Bd7 $14) 20. Rxb5 $18 (20. cxb5 $6 Qc7 $14) (20. axb5 $6 a4 $14) 20... Rb8 21. Re1 b6 22. Bd5+ Kh8 23. Nf4 Bd7 24. Ne6 Bxe6 25. Rxe6 ({Don't take} 25. Bxe6 $6 Rxb5 26. cxb5 (26. axb5 Rb7 $16) 26... Qf8 $16) 25... Qf8 26. Rb1 Rc7 (26... Rcc8 $142 27. Qe2 Re8) 27. Qe2 Rf7 28. Re1 Bf6 $2 {[#]} (28... Rf5 29. f4 g5 30. fxg5 Rxg5) 29. Re8 {Accuracy: White = 100%, Black = 53%.} 1-0

[Event "Kurnosov Memorial Rapid 2020"]
[Site "Chelyabinsk"]
[Date "2020.09.04"]
[Round "2.2"]
[White "Gleizerov, Evgeny"]
[Black "Fedoseev, Vladimir"]
[Result "1-0"]
[WhiteElo "2481"]
[BlackElo "2678"]
[Annotator "TA"]
[PlyCount "53"]
[EventDate "2020.09.04"]
[EventType "swiss"]
[EventCountry "RUS"]
[SourceTitle "playchess.com"]
[Source "ChessBase"]
[SourceQuality "1"]

{[%evp 14,53,16,8,33,27,48,33,34,39,27,34,51,50,66,51,39,46,30,47,50,30,47,47,48,33,44,43,135,140,277,272,635,630,29977,1182,1608,1506,29993,29994,29995,29996]} 1. d4 Nf6 2. c4 g6 3. Nc3 d5 4. cxd5 Nxd5 5. Bd2 Bg7 6. e4 Nxc3 7. Bxc3 O-O 8. Bc4 {[#]} Qd6 $146 {D85: Exchange Grünfeld: Unusual White 7th moves and lines with 7 Nf3.} ({Predecessor:} 8... c5 9. d5 Bxc3+ 10. bxc3 Qd6 11. Ne2 f5 12. exf5 Bxf5 13. O-O Nd7 14. Ng3 Nb6 15. Qe2 Qf4 16. Bb3 {0-1 (55) Almeida Quintana,O (2550)-Espinosa Veloz,E (2516) Santa Clara 2019}) 9. Ne2 a6 10. O-O b5 {White is slightly better.} 11. Bd5 c6 12. Bb3 Nd7 13. e5 Qb8 14. Qd2 e6 15. Bb4 c5 $1 {[%cal Rc5b4]} 16. dxc5 {And now c6 would win.} Nxe5 17. c6 $36 {[%mdl 2048] White has good play.} Nxc6 {...Rd8 is the strong threat.} 18. Bxf8 Kxf8 19. Rac1 Bb7 20. Rfd1 Be5 (20... Qe8 $14) 21. Qh6+ Kg8 {[#]} (21... Bg7 $16 22. Qe3 (22. Qxh7 Qe5 $16) 22... Ne5) 22. Bxe6 $1 $18 {[%mdl 512]} Bxb2 $2 {[#]} ({Wrong is} 22... fxe6 $2 23. Rd7 $18) (22... Qf8 23. Qxf8+ Kxf8) 23. Bxf7+ $1 {[%mdl 512]} Kxf7 24. Qxh7+ (24. Rd7+ $142 Ne7 25. Qxh7+ Bg7 {[#]} 26. Rxe7+ $1 {[%mdl 576] Deflection} Kxe7 27. Qxg7+ Ke8 28. Nd4 Qd6 29. Qxb7 Qxd4 30. Qxa8+ Kf7 31. Rc7+ Ke6 32. Qe8+ Kd5 33. Rd7+ {[%mdl 64] Skewer} Kc4 34. Qg8+ Kd3 35. Qb3+ Ke4 36. Qe6+ $1 {[%mdl 576] Double Attack} Qe5 37. Qxg6+ Qf5 38. f3+ Kf4 39. g3+ Kxf3 40. Qxf5+ Ke3 41. Qd3#) 24... Kf6 25. Qh4+ Kf7 26. Rd7+ Ke8 {[#]} 27. Qh7 $1 {[%mdl 512] Accuracy: White = 87%, Black = 40%.} 1-0

[Event "Kurnosov Memorial Rapid 2020"]
[Site "Chelyabinsk"]
[Date "2020.09.04"]
[Round "2.3"]
[White "Ponkratov, Pavel"]
[Black "Savitskiy, Sergey"]
[Result "1/2-1/2"]
[WhiteElo "2631"]
[BlackElo "2436"]
[Annotator "TA"]
[PlyCount "75"]
[EventDate "2020.09.04"]
[EventType "swiss"]
[EventCountry "RUS"]
[SourceTitle "playchess.com"]
[Source "ChessBase"]
[SourceQuality "1"]

{[%evp 16,75,49,53,85,88,93,83,84,75,95,75,123,68,78,30,55,0,4,-175,-9,-150,-56,-124,-151,-139,-148,-172,-73,-91,-96,-98,-107,-100,-75,-85,-116,-89,-52,-61,-19,-88,-85,-104,-71,-824,-110,-955,-78,-76,-80,-76,-80,-81,-44,-44,-30,-49,-45,-39,-14,-20]} 1. d4 Nf6 2. c4 g6 3. Nc3 Bg7 4. e4 d6 5. Nf3 O-O 6. Be2 e5 7. O-O Na6 8. Re1 c6 9. d5 c5 {E94: King's Indian: Classical: 6 Be2 e5 7 0-0: Various Black 7th moves.} 10. a3 {was the old line (10.Bg5).} Bd7 11. Rb1 Ne8 {White is better.} 12. b4 {[#]} f5 $146 ({Predecessor:} 12... b6 13. Rb3 Nac7 14. Nd2 Bh6 15. Bb2 Ng7 16. Nf1 Nce8 17. Qb1 f5 18. f3 Nf6 {½-½ (114) Zhou,W (2585)-Zhao,J (2574) Danzhou 2010}) 13. Ng5 Nf6 14. b5 (14. exf5 $16 cxb4 15. axb4 Bxf5 16. Ne6 Bxe6 17. dxe6) 14... Nc7 $14 {With the idea ...h6.} 15. b6 axb6 16. Rxb6 (16. exf5 $14 Bxf5 17. Rxb6) 16... h6 $11 17. Nf3 $2 (17. exf5 $11 hxg5 18. fxg6) 17... fxe4 $2 ({Better is} 17... Nxe4 $19 18. Nxe4 fxe4 19. Rxd6 exf3 20. Bxf3 Rf6 21. Rxf6 Qxf6) 18. Nd2 {[#]} (18. Nh4 $1 $11) 18... e3 $1 {[%mdl 512]} 19. fxe3 (19. Nde4 $15) 19... Ncxd5 $1 $17 20. Nxd5 Nxd5 21. Rxd6 Nxe3 (21... Nc3 $1 $19 {[%cal Rc3d1]} 22. Qc2 Qh4) 22. Qb3 Nf5 $1 {[%cal Rf5d6]} ({Worse is} 22... Qh4 23. g3 $16) 23. Rxg6 Be8 $1 {[%cal Re8g6]} ({Inferior is} 23... Qh4 24. Nf3 $16) 24. Rg4 Bh5 $36 {[%mdl 2048] Black has strong initiative.} 25. Rxg7+ Nxg7 26. Bxh5 {Bf3 is the strong threat.} Nxh5 27. Nf3 Qf6 28. Rxe5 (28. Qxb7 $11 Nf4 29. Bxf4 Qxf4 30. Qd5+ Qf7 31. Qxc5) 28... Nf4 {Threatens to win with ...Qxe5!} 29. Qc2 {aiming for Bxf4.} Ra6 {Strongly threatening ...Nh3+!} 30. Rxc5 $2 {[%mdl 8192] [#]} (30. Bxf4 $17 Qxf4 31. Qd3 (31. Re7 Qf5 $17)) 30... Re6 $2 (30... Nh3+ $1 $19 {[%mdl 512] has better winning chances.} 31. Kh1 (31. gxh3 Qxf3) 31... Re6) 31. Rc7 $2 {[%mdl 8192] [#]} (31. Bxf4 $17 Qxf4 32. Qf2) 31... Qg6 $2 (31... Re1+ $1 $19 {[%mdl 512] and Black stays clearly on top.} 32. Kf2 (32. Nxe1 Nh3+) 32... Re2+ 33. Qxe2 Nxe2 34. Kxe2 Qg6) 32. Qxg6+ Rxg6 33. Bxf4 Rxf4 {KRR-KRN} 34. Kf2 Rc6 35. Rxb7 Rcxc4 36. Rb3 Rc2+ {[%mdl 1024] Black has compensation.} 37. Kg3 Ra4 38. Rb8+ {Accuracy: White = 50%, Black = 39%.} 1/2-1/2

[Event "Kurnosov Memorial Rapid 2020"]
[Site "Chelyabinsk"]
[Date "2020.09.04"]
[Round "2.4"]
[White "Gunina, Valentina"]
[Black "Shimanov, Aleksandr"]
[Result "0-1"]
[WhiteElo "2431"]
[BlackElo "2593"]
[Annotator "TA"]
[PlyCount "84"]
[EventDate "2020.09.04"]
[EventType "swiss"]
[EventCountry "RUS"]
[SourceTitle "playchess.com"]
[Source "ChessBase"]
[SourceQuality "1"]

{[%evp 13,84,35,31,8,22,19,17,19,33,30,14,19,27,9,20,4,5,16,23,0,0,-90,0,0,62,75,62,69,62,43,45,33,26,20,0,0,23,-3,0,0,44,0,0,0,0,0,0,0,0,0,0,0,0,-5,-8,-10,-9,-52,0,0,0,-13,-9,-16,-5,-18,-8,-43,-5,-104,-106,-29998,-29999]} 1. d4 Nf6 2. c4 e6 3. Nf3 d5 4. Nc3 c6 5. e3 a6 6. b3 Bb4 7. Bd2 Nbd7 8. Qc2 {D45: Semi-Slav: 5 e3.} O-O 9. Bd3 Qe7 10. O-O {The position is equal.} e5 $1 {10...e5 scores better than 10...h6.} 11. dxe5 Nxe5 12. Nxe5 Qxe5 13. cxd5 cxd5 14. Ne2 Bd6 {[%csl Gd6][%cal Re5h2] [#]} 15. Ng3 Qg5 16. Bc3 Ng4 {Hoping for ...Qh6.} 17. Bxh7+ Kh8 {[#]} 18. Bd3 $146 ({Predecessor:} 18. Bf5 Nxh2 19. Bxc8 Bxg3 20. Bf5 Nxf1 21. Rxf1 Kg8 22. Bh7+ Kh8 23. Bf5 Kg8 24. fxg3 Qxe3+ {½-½ (44) Sriram,J (2437)-Malakhatko,V (2556) La Fere 2005}) 18... Qh6 ({Black should try} 18... Qh4 $1 $11 19. h3 Nxe3 20. fxe3 Qxg3) 19. h3 $14 Nxe3 20. fxe3 Bxg3 21. Rf3 Bd6 22. Raf1 Be6 23. Qf2 Kg8 24. Bd4 Rac8 25. e4 dxe4 26. Bxe4 Rc7 27. Be3 (27. Rd3 $5 {[%cal Rd4e3]} Be7 28. Be3 $14) 27... Qh5 28. Bf5 Bxf5 29. Rxf5 Qg6 30. Rg5 Qe6 31. Bd4 f6 32. Rh5 {And now Qh4 would win.} Qe4 {...Rc2 is the strong threat.} 33. Re1 Qf4 34. Qxf4 Bxf4 35. Rd5 Bg3 (35... Rc2 $1 $15) 36. Bf2 $1 $11 {[%cal Rf2g3]} Be5 37. a4 Rfc8 38. Red1 Kf7 39. Bb6 Rc1 40. Kf2 Ke6 41. R1d2 (41. Rxc1 $11 Rxc1 42. Rd3) 41... R8c3 $17 {( -> ...Bg3+)} 42. b4 $2 {[%mdl 8192] [#]} (42. R5d3 $17) 42... Bg3+ {Accuracy: White = 71%, Black = 84%.} 0-1

[Event "Kurnosov Memorial Rapid 2020"]
[Site "Chelyabinsk"]
[Date "2020.09.04"]
[Round "2.5"]
[White "Rakhmanov, Aleksandr"]
[Black "Gutenev, Alexander"]
[Result "1/2-1/2"]
[WhiteElo "2645"]
[BlackElo "2463"]
[Annotator "TA"]
[PlyCount "124"]
[EventDate "2020.09.04"]
[EventType "swiss"]
[EventCountry "RUS"]
[SourceTitle "playchess.com"]
[Source "ChessBase"]
[SourceQuality "1"]

{[%evp 14,124,22,24,28,36,35,39,30,31,41,42,49,50,58,44,33,36,38,33,37,41,37,0,0,0,0,0,0,0,7,0,0,0,0,-34,-28,-37,-8,-16,-12,-14,-10,-22,-16,-108,-108,-162,-122,-121,-120,-143,-126,-241,-223,-197,-9,-204,-212,-212,-206,-244,-236,-247,-225,-212,-212,-336,-201,-195,-187,-193,-139,-279,-146,-110,-131,-112,-106,-106,-108,-117,-120,-312,-295,-874,-699,-906,-576,-568,-385,-175,-27,-27,-27,-27,0,0,0,0,0,0,0,0,0,0,0,0,0,-27,-6,-27,-27]} 1. d4 Nf6 2. c4 g6 3. Nc3 d5 4. Nf3 Bg7 5. cxd5 Nxd5 6. Qa4+ c6 7. e4 Nxc3 8. bxc3 O-O {D90: Grünfeld: 4 Nf3 Bg7 sidelines.} 9. Be3 c5 10. Rc1 {[#]} b6 $146 {White is slightly better.} ({Predecessor:} 10... Bg4 11. Be2 cxd4 12. cxd4 Nc6 13. d5 Ne5 14. Nxe5 Bxe2 15. Nxf7 Rxf7 16. Kxe2 Qd6 {1-0 (32) Gruskovnjak,T (2389)-Novak,G (2248) Ljubljana 2012}) 11. Be2 Bb7 12. d5 Qd7 13. Qb3 e6 {[%cal Re6d5]} 14. dxe6 Qxe6 15. Qxe6 fxe6 16. Ng5 Re8 17. Bc4 Bc8 $1 18. O-O h6 $1 {[%cal Rh6g5]} 19. Nh3 Ba6 20. Bxa6 Nxa6 21. f4 Rad8 22. Nf2 Nc7 23. c4 Bd4 $36 {[%mdl 2048] Black has some pressure.} 24. Rfe1 Rf8 25. Nd3 Kg7 26. g3 Ne8 27. e5 g5 28. Kg2 Kg6 29. Kf3 (29. fxg5 $11 {keeps the balance.} hxg5 30. Rc2) 29... Ng7 $17 30. Red1 (30. g4 $17) 30... Bxe3 31. Kxe3 Nf5+ 32. Ke2 Rd4 33. fxg5 (33. a4 $17 {keeps fighting.}) 33... hxg5 $19 ({Less strong is} 33... Kxg5 34. Nf4 $15) 34. Nf2 {intending g4.} Rh8 $2 (34... Rxd1 $19 35. Rxd1 Nd4+ 36. Kf1 Rf3) 35. Rh1 $2 (35. g4 $11 Ne7 36. Rxd4 cxd4 37. h3) 35... Ne7 36. h3 Nc6 37. Ng4 Rhd8 38. Rhf1 {If White can now play Rf6+ this consolidates a bit.} Re4+ 39. Kf3 Rdd4 40. Rfd1 (40. Rf2 $142) 40... Nxe5+ ({Much less strong is} 40... Rxc4 41. Rd6 $19) (40... Rxd1 $142 41. Rxd1 Rxc4) 41. Nxe5+ Rxe5 {[%mdl 4096] Endgame KRR-KRR} 42. a4 Ree4 (42... Kf7 $19 43. a5 bxa5 44. Rxd4 cxd4) 43. a5 (43. Rxd4 $17 {only move.} Rxd4 44. a5) 43... bxa5 (43... Rxc4 $19 44. Rxc4 Rxc4) 44. Rxd4 $17 Rxd4 $19 {KR-KR} 45. Ra1 Rxc4 {Hoping for ...a4.} 46. Rxa5 Kf5 47. Rxa7 Rc3+ 48. Kg2 $2 (48. Kf2 $17) 48... c4 $1 49. Rf7+ $2 {[#]} (49. h4 Rc2+ 50. Kf3) 49... Ke4 $1 50. h4 gxh4 51. gxh4 Rc2+ 52. Kg3 {[#]} Rc1 (52... Rb2 $1 $19 {Strongly threatening ...c3.} 53. Re7 e5) 53. Rc7 $1 $11 e5 54. h5 Kd3 55. Rd7+ Ke3 {And now ...Rg1+ would win.} 56. Rc7 Rh1 {aiming for ...Kd4.} 57. Rxc4 Rxh5 {...Rg5+ is the strong threat.} 58. Rc3+ Kd2 59. Rc5 Kd3 60. Ra5 Rg5+ 61. Kf2 Rf5+ 62. Ke1 Ke4 {Black had all chances to win. Accuracy: White = 61%, Black = 71%.} 1/2-1/2

[Event "Kurnosov Memorial Rapid 2020"]
[Site "Chelyabinsk"]
[Date "2020.09.04"]
[Round "2.6"]
[White "Balashov, Yuri S"]
[Black "Matlakov, Maxim"]
[Result "0-1"]
[WhiteElo "2462"]
[BlackElo "2685"]
[Annotator "TA"]
[PlyCount "114"]
[EventDate "2020.09.04"]
[EventType "swiss"]
[EventCountry "RUS"]
[SourceTitle "playchess.com"]
[Source "ChessBase"]
[SourceQuality "1"]

{[%evp 26,114,0,0,0,0,0,0,0,0,0,-35,-31,-28,0,0,0,0,0,0,0,-30,-30,-32,-37,-29,-9,-52,-53,-89,-20,-54,0,0,0,0,18,33,49,69,46,0,15,18,35,0,0,0,0,-48,0,0,0,0,0,0,0,0,0,0,0,0,0,0,0,0,0,0,0,0,0,0,0,-62,-62,-818,-737,-775,-668,-1987,-1852,-1120,-11969,-29951,-29953,-29964,-29950,-29952,-11018,-4622,0]} 1. Nf3 d5 2. d4 Nf6 3. c4 e6 4. Nc3 c6 5. e3 Nbd7 6. Be2 Bd6 7. O-O O-O 8. b3 b6 9. Bb2 Bb7 10. Qc2 Qe7 11. Rad1 Rfe8 12. e4 Nxe4 13. Nxe4 dxe4 14. Qxe4 Rad8 {D45: Semi-Slav: 5 e3.} 15. Bd3 Nf8 16. Qg4 f6 {The position is equal.} 17. Rfe1 Qf7 18. h4 {[#]} c5 $146 ({Predecessor:} 18... h5 19. Qe4 c5 20. Qe2 cxd4 21. Nxd4 Bb4 22. Rf1 e5 23. Nf5 Ne6 24. Be4 Nd4 25. Bxd4 exd4 26. f3 Qg6 27. a3 Bc3 28. Qc2 Bxe4 29. fxe4 {½-½ (29) Evdokimov,A (2356)-Dobrov,V (2417) Rybinsk 2001}) 19. dxc5 Bxc5 20. h5 Rd7 21. Bc2 Red8 22. Rxd7 Rxd7 23. h6 g6 24. Bc3 a5 25. Nd2 e5 26. Bf5 Rd8 27. Qg3 Bb4 (27... Ne6 $17) 28. Ne4 Kh8 ({Black should play} 28... Qe7 $15) 29. Bg4 Bxe4 30. Rxe4 Bxc3 31. Qxc3 Ne6 32. Bxe6 Qxe6 $14 {[%mdl 4096] Endgame KQR-KQR} 33. Re2 Qd6 34. Qe3 Kg8 35. g3 (35. f4 $5) 35... Kf7 36. Kg2 Qc6+ 37. f3 Qd6 38. f4 Qc6+ 39. Qf3 Qxf3+ 40. Kxf3 exf4 41. gxf4 $11 {KR-KR} Rd1 42. Rc2 g5 43. fxg5 fxg5 44. c5 bxc5 $1 45. Rxc5 Kg6 46. Rxa5 Kxh6 47. b4 Rb1 48. a3 Kh5 49. Ra7 ({Better is} 49. Re5 $11) 49... h6 $15 50. Ra6 $2 {[%mdl 8192] [#] Now White is beyond hope.} (50. Re7 $15) 50... g4+ $19 51. Kg3 Rb3+ 52. Kg2 Kg5 53. Ra5+ Kh4 54. Ra6 h5 55. Ra5 g3 56. Rc5 Rb2+ 57. Kg1 Kh3 $2 {[%mdl 32768] Accuracy: White = 60%, Black = 87%. . Sensor Board Error (Ke4/e5)?} (57... Ra2 $19 58. Rc1 Rxa3) 0-1

[Event "Kurnosov Memorial Rapid 2020"]
[Site "Chelyabinsk"]
[Date "2020.09.04"]
[Round "2.7"]
[White "Kokarev, Dmitry"]
[Black "Kardashevskiy, Evgeny"]
[Result "1-0"]
[WhiteElo "2611"]
[BlackElo "2445"]
[Annotator "TA"]
[PlyCount "99"]
[EventDate "2020.09.04"]
[EventType "swiss"]
[EventCountry "RUS"]
[SourceTitle "playchess.com"]
[Source "ChessBase"]
[SourceQuality "1"]

{[%evp 28,99,15,8,20,13,32,42,34,32,31,31,39,28,30,29,30,9,19,6,27,46,101,64,64,64,66,66,50,52,83,83,88,88,88,90,85,85,85,89,87,76,74,79,79,73,83,62,62,62,62,62,62,62,74,74,81,81,81,81,81,81,81,81,499,488,570,544,939,922,901,914,935,633]} 1. e4 c5 2. Nf3 Nc6 3. d4 cxd4 4. Nxd4 Nf6 5. Nc3 e5 6. Ndb5 d6 7. Bg5 a6 8. Na3 b5 9. Nd5 Be7 10. Bxf6 Bxf6 11. c3 O-O 12. Nc2 Rb8 13. a3 Bg5 14. Be2 a5 15. O-O Ne7 {B33: Sicilian: Pelikan and Sveshnikov Variations.} 16. Nce3 Bxe3 17. Nxe3 Be6 {White is slightly better.} 18. Bg4 {[#]} Qc7 $146 ({Predecessor:} 18... Qd7 19. Bxe6 fxe6 20. Qd2 Qc6 21. Rad1 Rb6 22. Qc2 Rf4 23. f3 Qc5 {0-1 (47) Rigo,J (2313)-Molnar,B (2330) Hungary 2011}) 19. Bxe6 fxe6 20. Qg4 Rf6 21. Rad1 b4 22. cxb4 axb4 23. Rc1 Qa7 24. Qd1 $36 {[%mdl 2048] White has some pressure.} Qd4 (24... bxa3 $14 25. bxa3 Rd8) 25. Rc4 (25. a4 {is interesting.} Ng6 26. Rc4 Qxb2 27. Qxd6 Rbf8 28. Rxb4 Qa2 29. f3) 25... Qxd1 26. Rxd1 bxa3 27. bxa3 d5 28. Rc7 Ng6 29. exd5 exd5 30. Rxd5 Rb1+ 31. Rd1 Rxd1+ 32. Nxd1 $16 {[%mdl 4096] Endgame KRN-KRN} Ra6 33. Rc3 Kf7 34. Ne3 Ke6 35. g3 Ne7 36. Kg2 g6 37. h4 Nd5 38. Nxd5 Kxd5 $14 {KR-KR} 39. Kf3 Ra4 40. Ke3 h5 41. Kd2 Ke4 42. Kc2 Ra8 43. f3+ Kd4 44. Rd3+ Kc4 45. Kd2 Ra7 $2 {[%mdl 8192] [#] Loses the game.} (45... Kc5 $16) 46. Ke3 $18 {White is clearly winning.} Ra8 47. Ke4 Ra5 48. Rd6 Rxa3 49. Rxg6 Kc5 50. Re6 {Accuracy: White = 93%, Black = 75%.} 1-0

[Event "Kurnosov Memorial Rapid 2020"]
[Site "Chelyabinsk"]
[Date "2020.09.04"]
[Round "2.8"]
[White "Shuvalova, Polina"]
[Black "Predke, Alexandr"]
[Result "0-1"]
[WhiteElo "2454"]
[BlackElo "2684"]
[Annotator "TA"]
[PlyCount "42"]
[EventDate "2020.09.04"]
[EventType "swiss"]
[EventCountry "RUS"]
[SourceTitle "playchess.com"]
[Source "ChessBase"]
[SourceQuality "1"]

{[%evp 14,42,20,9,12,16,27,26,14,13,17,36,64,0,3,-15,0,-16,-8,-15,0,0,10,-53,-40,-408,-402,-401,-406,-435,-418]} 1. e4 c6 2. d4 d5 3. exd5 cxd5 4. Bd3 Nc6 5. c3 Nf6 6. h3 e5 7. dxe5 Nxe5 8. Nf3 Nxd3+ {B13: Caro-Kann: Exchange Variation and Panov-Botvinnik Attack.} 9. Qxd3 Bd6 10. O-O O-O {White has an edge.} 11. Be3 Ne4 {[#]} 12. Rd1 $146 ({Predecessor:} 12. Nd4 Qh4 13. Nd2 Bxh3 14. N4f3 Qg4 15. Nh4 Qxh4 16. gxh3 Qxh3 17. f4 Nxd2 18. Qxd2 {0-1 (64) Wisniewski,M (1713)-Aleksandrowicz,M (1959) Rewal 2011}) 12... Qe7 13. Nbd2 (13. Qxd5 $14 Rd8 14. Qb3) 13... Rd8 $11 14. Nb3 Bf5 {[#] Hoping for ...Nxf2!} 15. Qf1 a6 16. Nbd4 Bg6 17. Ne2 Bh5 18. g4 (18. Nfd4 $11) 18... Bg6 $15 19. Nf4 $2 {[%mdl 8192] [#]} ({White should play} 19. Ned4 $15) 19... Bxf4 $1 $19 ({Inferior is} 19... Qf6 20. Nxg6 hxg6 21. Qg2 $11) 20. Bxf4 Qf6 21. Bc7 Rd7 {Accuracy: White = 55%, Black = 100%.} ({Less strong is} 21... Qxf3 22. Bxd8 Rxd8 23. Rd3 $19) 0-1

[Event "Kurnosov Memorial Rapid 2020"]
[Site "Chelyabinsk"]
[Date "2020.09.04"]
[Round "2.9"]
[White "Sjugirov, Sanan"]
[Black "Maltsevskaya, Aleksandra"]
[Result "1-0"]
[WhiteElo "2675"]
[BlackElo "2272"]
[Annotator "TA"]
[PlyCount "41"]
[EventDate "2020.09.04"]
[EventType "swiss"]
[EventCountry "RUS"]
[SourceTitle "playchess.com"]
[Source "ChessBase"]
[SourceQuality "1"]

{[%evp 9,41,21,25,21,26,4,18,18,16,17,6,1,53,43,52,58,150,161,152,165,246,252,246,222,244,218,241,227,222,222,276,288,527,524]} 1. e4 c6 2. d4 d5 3. e5 Bf5 4. Nd2 e6 5. Nb3 c5 6. dxc5 {B12: Caro-Kann: Advance Variation.} Bxc5 7. Bb5+ Nc6 8. a4 {The position is equal.} Qb6 9. Nxc5 Qxc5 10. c3 {[#]} O-O-O $146 (10... Qe7 $11) ({Predecessor:} 10... Qb6 11. Nf3 Qc7 12. Be3 Bg4 13. O-O Nge7 14. Bc5 Bxf3 15. Qxf3 Qxe5 16. c4 dxc4 {½-½ (40) Almasi,Z (2699)-Postny,E (2585) Rio Achaea 2018}) 11. Nf3 $14 d4 12. Bxc6 $1 dxc3 (12... Qxc6 $14 13. cxd4 Kb8) 13. Bxb7+ $1 $16 Kc7 14. Qb3 c2 (14... Rb8 {was called for.}) 15. Be3 $18 Qa5+ {[#]} 16. Bd2 $1 {[%cal Rd2a5]} Qb6 17. Qxb6+ Kxb6 {[#]} 18. Ng5 $1 {[%cal Rg5f7]} Kxb7 19. Nxf7 {[%mdl 64] Double Attack} Ne7 20. Bg5 ({But not} 20. Nxh8 $6 Rxh8 21. Ke2 Nc6 $16) ({Not} 20. Nxd8+ Rxd8 21. f3 Ng6 $16) 20... Rc8 $2 (20... Rd7 21. Nxh8 Nc6) 21. Nxh8 {Black did not feel at home in the position after the opening. Accuracy: White = 100%, Black = 43%.} 1-0

[Event "Kurnosov Memorial Rapid 2020"]
[Site "Chelyabinsk"]
[Date "2020.09.04"]
[Round "2.10"]
[White "Makarian, Rudik"]
[Black "Demidov, Mikhail"]
[Result "0-1"]
[WhiteElo "2442"]
[BlackElo "2519"]
[Annotator "TA"]
[PlyCount "40"]
[EventDate "2020.09.04"]
[EventType "swiss"]
[EventCountry "RUS"]
[SourceTitle "playchess.com"]
[Source "ChessBase"]
[SourceQuality "1"]

{[%evp 9,40,36,37,27,26,-24,-23,-68,-56,-77,-62,-72,-70,-81,-74,-68,-69,-318,-323,-318,-331,-513,-519,-508,-507,-505,-512,-514,-514,-509,-506,-477,-474]} 1. d4 g6 2. c4 Bg7 3. e4 Nc6 4. d5 Nd4 5. Nc3 c5 6. Be3 {A40: Unusual replies to 1 d4.} e5 7. dxe6 dxe6 8. Nf3 {Black has an edge.} Ne7 9. Be2 O-O {[#]} 10. h4 $146 ({Predecessor:} 10. O-O b6 11. Nd2 Bb7 12. f3 Nec6 13. a3 Qe7 14. Rc1 Rad8 15. Qe1 Rd7 16. f4 Nxe2+ 17. Qxe2 {0-1 (31) Belov,V (2598)-Vastrukhin,O (2428) Moscow 2019}) 10... Nec6 11. h5 b6 12. Qc1 Nb4 13. Nxd4 $2 {[#]} (13. O-O $15) 13... cxd4 $19 14. Bh6 dxc3 15. bxc3 (15. Bxg7 $142 Qd2+ {[%mdl 64] Zwischenzug} 16. Qxd2 cxd2+ 17. Kxd2 Kxg7 18. e5) 15... Nd3+ {Black is clearly winning.} 16. Bxd3 Qxd3 17. Bxg7 Qxe4+ {[%mdl 64] [#] Double Attack} 18. Kf1 {Strongly threatening hxg6.} Kxg7 19. hxg6 Qxg6 20. Rh3 {and if Rg3 works, White does fine.} Kh8 {Black took control after the opening. Accuracy: White = 57%, Black = 100%.} 0-1